Geographie nach Buchstaben - Y - Statistiken

Allgemein
  • Dieses Quiz wurde 202 mal gespielt
  • Das Durchschnittsergebnis liegt bei 7 aus 15
Antwortstatistiken
Hinweis Antwort % Korrekt
Währung von Japan Yen
97%
Stadt im Norden Englands York
87%
Der erste Nationalpark der Welt, in Wyoming Yellowstone
71%
Halbinsel im Südosten Mexikos Yucatán
60%
Riesige Stadt südlich von Tokio Yokohama
59%
Informeller Begriff für eine Person aus den USA Yankee
58%
Nationalpark in Kalifornien Yosemite
57%
Gebiet im äußersten Nordwesten Kanadas Yukon
45%
Hauptstadt der Côte d'Ivoire Yamoussoukro
42%
Hauptstadt von Nauru Yaren
40%
Belgische Stadt, in der Schlachten im Ersten Weltkrieg ausgetragen wurden Ypern
36%
Stadt früher bekannt als Rangun Yangon
28%
Hauptstadt der Nordwest-Territorien Kanadas Yellowknife
13%
Schweizer Stadt am Neuenburgersee {Yverdon}-les-Bains
13%
Ein Begriff für die ethnische Gruppe, zu der 98,5% der japanischen Einwohner gehören dazu Yamato
3%
Keine übereinstimmenden Quizze gefunden
Verteilung der Resultate
Anzahl Personen mit jedem Resultat
Perzentil nach korrekt beantworteten Fragen
Ihre Resultats-Entwicklung
Sie haben dieses Quiz noch nicht gespielt